000 00427nam a22001817a 4500
003 CEME
005 20210628210420.0
008 210208b xxu||||| |||| 00| 0 eng d
020 _a969-0-01486-2
040 _c.
082 _a133.6 MAL
100 _aMalik, M. A
_979104
245 _aNew horizons in palmistry
260 _aLAHORE
_bFEROZE SONS
_c1999
300 _a366P
650 _aPALMISTRY
_979298
942 _cBK
_2ddc
999 _c584349
_d584349